000 00486nam a2200169 4500
001 122491
003 ES-MaACL
005 20230906192004.0
007 t|
008 070214s1973 sp r ||||1| spa d
100 1 _aPuente, Miguel de la.
_994152
245 1 0 _aCarl R. Rogers
_b: de la psicoterapia a la enseñanza /
_cMiguel de la Puente.
250 _a1ª. ed.
260 _aMadrid :
_bRazón y fé,
_c1973.
300 _a417 p. ;
_c20 cm.
852 _aES-MaACL
_jC-53450
_bR.86385
999 _c122491
_d122491